| 000 | 01880nam a2200241Ia 4500 | ||
|---|---|---|---|
| 008 | 260220t1997||||xx |||||||||||||| ||spa|| | ||
| 040 |
_aPY-SlUNAC _bspa _erda |
||
| 041 | _aspa | ||
| 082 |
_a551.6 _bIn8i |
||
| 100 |
_aHoughton, John _eAutor |
||
| 245 | 0 |
_aIntroducción a los modelos climáticos simples utilizados en el segundo informe de evaluación del IPCC / _cpor John Houghton [Autor] |
|
| 264 |
_a[Lugar de publicación no identificado] : _bIPCC, _c℗1997. |
||
| 300 | _a1 volumen | ||
| 520 | _aEl libro de John Houghton, "Introducción a los modelos climáticos simples utilizados en el segundo informe de evaluación del IPCC", presenta una visión general de los modelos climáticos que forman la base del segundo informe de evaluación del Panel Intergubernamental sobre Cambio Climático (IPCC). Houghton explica los principios fundamentales detrás de estos modelos, destacando su importancia para comprender los mecanismos del cambio climático y predecir sus impactos futuros. Se abordan diferentes tipos de modelos, desde los más simples hasta los más complejos, y se discuten sus aplicaciones en la investigación climática. El autor también enfatiza la necesidad de una interpretación cuidadosa de los resultados, dado que los modelos son representaciones simplificadas de la realidad. A través de esta obra, Houghton contribuye a la formación de un marco conceptual que ayuda a científicos, responsables de políticas y el público en general a entender mejor el cambio climático, sus causas y consecuencias potenciales, subrayando la urgencia de acciones correctivas. | ||
| 653 | _aCambio climático | ||
| 653 | _aEvaluación ambiental | ||
| 653 | _aModelos climáticos | ||
| 942 |
_b2026/02/17 _cBK |
||
| 999 |
_c8075 _d8075 |
||